| 000 | 00941nmm a2200289 a 4500 | ||
|---|---|---|---|
| 001 | ocm0001916862 | ||
| 003 | TR-IsHL | ||
| 005 | 20201028172835.0 | ||
| 008 | 180707s2016 tu tur | ||
| 007 | cr cn | ||
| 020 | _a9786053223085 | ||
| 035 |
_a1916862 _b(N$T) |
||
| 050 | 0 | 4 |
_aPL248.S55 _bE95 2016 |
| 090 | 0 | 4 |
_aPL248.S55 _bE95 2016 |
| 100 | 1 | _aSilah, Sıtkı | |
| 245 | 1 | 0 |
_aEylül sokak no : _b6 _h[electronic resource] / _cSıtkı Silah ; yayına hazırlayan Utku Umut Bulsun |
| 250 | _aBirinci basım | ||
| 260 |
_aİstanbul : _bOptimist Yayım Dağıtım, _c2016 |
||
| 300 | _a149 p. | ||
| 650 | 4 | _aDil ve Edebiyat | |
| 650 | 4 | _aLanguage and Literature | |
| 650 | 0 | _aTürk romanı | |
| 650 | 0 | _aTurkish fiction | |
| 650 | 7 |
_aLITERARY COLLECTIONS / Middle Eastern _2bisacsh |
|
| 700 | 1 | _aBulsun, Utku Umut | |
| 856 | 4 | 0 | _uhttp://search.ebscohost.com/login.aspx?direct=true&scope=site&db=e011xww&AN=1916862 |
| 999 |
_c17400 _d17400 |
||